Razas, pueblos y linajes

Guardat en:
Dades bibliogràfiques
Autor principal: Caro Baroja, Julio (Autor)
Format: Llibre
Idioma:espanyol
Publicat: Madrid Revista de Occidente 1957
Matèries:
Etiquetes: Afegir etiqueta
Sense etiquetes, Sigues el primer a etiquetar aquest registre!

MARC

LEADER 00000nam a2200000 a 4500
001 UCZ8184
003 CL-VaPUC
008 960119e19570000SP |||||||||||||||||spa|d
082 0 4 |a 305.8  |b CAR  |2 21 
100 0 |a Caro Baroja, Julio  |e author  |9 353397 
245 1 0 |a Razas, pueblos y linajes 
300 |a 358 p 
942 |c BK 
945 |d 19960119 00:00:00  |a rleighto 
260 |a Madrid  |b Revista de Occidente  |c 1957 
650 0 |a Etnología   |9 258726 
650 0 |a Costumbres y tradiciones   |9 268292 
650 7 |a CULTURAS POPULARES  |2 CL-VaPUC  |9 338177 
650 0 |a Antropología cultural y social   |9 265143 
583 |a last modification  |c 19960119 00:00:00  |k Rodrigo Vera 
999 |c 244133  |d 244131 
952 |0 0  |1 0  |4 0  |6 305_800000000000000_CAR_1957  |7 0  |8 A  |9 258089  |a BIBHIS  |b BIBHIS  |d 2019-11-19  |i 3167933  |o 305.8 CAR 1957  |p 3167933  |r 2025-01-20  |w 2019-11-19  |y BK  |k HIS 
952 |0 0  |1 0  |4 0  |6 305_800000000000000_CAR_1957  |7 0  |8 A  |9 258090  |a BIBHIS  |b BIBHIS  |d 2019-11-19  |i 1382993  |o 305.8 CAR 1957  |p 1382993  |r 2025-01-20  |w 2019-11-19  |y BK  |k HIS